Our endangered values : (Record no. 73)

MARC details
000 -LEADER
fixed length control field 03082cam a2200469 a 4500
005 - DATE AND TIME OF LATEST TRANSACTION
control field 20260322212005.0
008 - FIXED-LENGTH DATA ELEMENTS--GENERAL INFORMATION
fixed length control field data
010 ## - LIBRARY OF CONGRESS CONTROL NUMBER
LC control number 2005054051
020 ## - INTERNATIONAL STANDARD BOOK NUMBER
International Standard Book Number 0743284577 :
Terms of availability {dollar}25.00
020 ## - INTERNATIONAL STANDARD BOOK NUMBER
International Standard Book Number 9780743284578 :
Terms of availability {dollar}25.00
040 ## - CATALOGING SOURCE
Original cataloging agency DLC
Transcribing agency DLC
Modifying agency OrLoB-B
042 ## - AUTHENTICATION CODE
Authentication code pcc
043 ## - GEOGRAPHIC AREA CODE
Geographic area code n-us---
050 00 - LIBRARY OF CONGRESS CALL NUMBER
Classification number HN90.M6
Item number C37 2005
082 00 - DEWEY DECIMAL CLASSIFICATION NUMBER
Classification number 306/.0973/090511
Edition information 22
082 14 - DEWEY DECIMAL CLASSIFICATION NUMBER
Classification number 306.0973
092 ## - LOCALLY ASSIGNED DEWEY CALL NUMBER (OCLC)
Classification number 306 Car 2005
001 - CONTROL NUMBER
control field data
100 1# - MAIN ENTRY--PERSONAL NAME
Personal name Carter, Jimmy,
Dates associated with a name 1924-
245 10 - TITLE STATEMENT
Title Our endangered values :
Remainder of title America's moral crisis /
Statement of responsibility, etc. Jimmy Carter.
260 ## - PUBLICATION, DISTRIBUTION, ETC.
Place of publication, distribution, etc. New York :
Name of publisher, distributor, etc. Simon & Schuster,
Date of publication, distribution, etc. c2005.
300 ## - PHYSICAL DESCRIPTION
Extent x, 212 p. ;
Dimensions 25 cm.
500 ## - GENERAL NOTE
General note Includes index.
505 00 - FORMATTED CONTENTS NOTE
Miscellaneous information 17.
Title Conclusion : what is a superpower?
Miscellaneous information 2.
Title My traditional Christian faith --
Miscellaneous information 3.
Title rise of religious fundamentalism --
Miscellaneous information 4.
Title Growing conflicts among religious people --
Miscellaneous information 5.
Title No conflict between science and religion --
Miscellaneous information 6.
Title entwining of church and state --
Miscellaneous information 7.
Title Sins of divorce and homosexuality --
Miscellaneous information 8.
Title Would Jesus approve abortions and the death penalty? --
Miscellaneous information 9.
Title Must women be subservient? --
Miscellaneous information 10.
Title Fundamentalism in government --
Miscellaneous information 11.
Title distortion of American foreign policy --
Miscellaneous information 12.
Title Attacking terrorism, not human rights? --
Miscellaneous information 13.
Title Protecting our arsenals, but promoting proliferation --
Miscellaneous information 14.
Title Worshiping the prince of peace, or preemptive war? --
Miscellaneous information 15.
Title Where are the major threats to the environment? --
Miscellaneous information 16.
Title world's greatest challenge in the new millennium --
Miscellaneous information 17.
Title Conclusion : what is a superpower?
510 4# - CITATION/REFERENCES NOTE
Name of source Publ Weekly
Location within source September 26,2005
510 4# - CITATION/REFERENCES NOTE
Name of source Booklist
Location within source September 15,2005
510 4# - CITATION/REFERENCES NOTE
Name of source Kirkus
Location within source September 01,2005
510 4# - CITATION/REFERENCES NOTE
Name of source Libr Journal
Location within source July 00,2005
520 1# - SUMMARY, ETC.
Summary, etc. "In Our Endangered Values, President Jimmy Carter offers a personal consideration of "moral values" as they relate to the important issues of the day. He puts forward a passionate defense of separation of church and state, and a strong warning of where the country is heading as the lines between politics and rigid religious fundamentalism are blurred." "Now, he describes his own involvement and reactions to some disturbing societal trends that have taken place during the last few years. These changes involve both the religious and the political worlds as they have increasingly become intertwined, and include some of the most crucial and controversial issues of the day - frequently encapsulated under "moral values.""--BOOK JACKET.
521 1# - TARGET AUDIENCE NOTE
Target audience note Adult.
521 2# - TARGET AUDIENCE NOTE
Target audience note Adult.
650 #0 - SUBJECT ADDED ENTRY--TOPICAL TERM
Topical term or geographic name entry element Social values
Geographic subdivision United States.
650 #0 - SUBJECT ADDED ENTRY--TOPICAL TERM
Topical term or geographic name entry element Religious fundamentalism
Geographic subdivision United States.
650 #0 - SUBJECT ADDED ENTRY--TOPICAL TERM
Topical term or geographic name entry element Christianity and politics
Geographic subdivision United States.
650 #0 - SUBJECT ADDED ENTRY--TOPICAL TERM
Topical term or geographic name entry element Church and state
Geographic subdivision United States.
650 #0 - SUBJECT ADDED ENTRY--TOPICAL TERM
Topical term or geographic name entry element Church and social problems
Geographic subdivision United States.
650 #0 - SUBJECT ADDED ENTRY--TOPICAL TERM
Topical term or geographic name entry element Human rights
General subdivision Government policy
Geographic subdivision United States.
651 #0 - SUBJECT ADDED ENTRY--GEOGRAPHIC NAME
Geographic name United States
General subdivision Moral and ethical aspects.
Chronological subdivision 2001-
General subdivision Moral and ethical aspects.
651 #0 - SUBJECT ADDED ENTRY--GEOGRAPHIC NAME
Geographic name United States
General subdivision Moral and ethical aspects.
Chronological subdivision 2001-
General subdivision Moral and ethical aspects.
651 #0 - SUBJECT ADDED ENTRY--GEOGRAPHIC NAME
Geographic name United States
General subdivision Moral conditions.
910 ## - USER-OPTION DATA (OCLC)
User-option data 2557613
-- Horizon bib#
Holdings
Withdrawn status Lost status Damaged status Not for loan Home library Current library Shelving location Date acquired Total checkouts Full call number Barcode Date last seen Price effective from Koha item type
        Franklin Franklin General stacks 22/03/2026   306/.0973/090511 22 BC0010076 22/03/2026 22/03/2026 Books